000 00330nam a2200133Ia 4500
008 230524s9999 xx 000 0 und d
020 _a9789350247181
100 _aP.Subba Rao
245 0 _aInternational Human Resource Management
260 _bHimalaya
500 _aQuantity Number: 10
650 _aManagement
942 _cBK
999 _c51314
_d51314